000 00483nam a22001817a 4500
005 20260107151555.0
008 260107b |||||||| |||| 00| 0 eng d
037 _cTB
040 _aAL
_cAL
084 _qAL
100 _aNanda, Satinder Singh
_9862739
245 _aDaru-Dasiea
260 _aPatiala, India :
_bPunjabi Publication,
_c1992.
300 _a88 p.
365 _b50.00
_cINR
942 _2CC
_cTB
_n0
999 _c1467171
_d1467171